Emoji Quiz #34 - Statistics

General Stats
  • This quiz has been taken 14 times
  • The average score is 13 of 25
Answer Stats
Hint Answer % Correct
🍄 {mushroom}
93%
🥑 {avocado}
86%
🫑 bell {pepper}
86%
🍄‍🟫 brown {mushroom}
71%
🥜 {peanut}
71%
🥔 {potato}
71%
🌹 {rose}
71%
🥦 {broccoli}
64%
🥕 {carrot}
64%
🥒 {cucumber}
64%
🧄 {garlic}
64%
🧅 {onion}
64%
🌻 {sunflower}
64%
🫘 {beans}
50%
🌸 {cherry} blossom
43%
🫚 {ginger} root
43%
🌷 {tulip}
43%
💐 {bouquet}
36%
🥬 {leafy} green
36%
🌰 {chestnut}
21%
🫛 {peapod}
21%
🌺 {hibiscus}
14%
🌼 {blossom}
7%
🪻 {hyacinth}
7%
🏵️ {rosette}
7%
No matching quizzes found
Score Distribution
Percent of People with Each Score
Percentile by Number Answered
Your Score History
You have not taken this quiz